Quiz da Zâmbia - Statistics

Estatísticas Gerais
  • Esse quiz foi jogado 414 vezes
  • A pontuação média é 9 de 18
Estatísticas das Respostas
Dica Resposta % Correto
País fronteiriço cujo nome também começa com Z Zimbábue
93%
Língua oficial Inglês
92%
O maior país fazendo fronteira com a Zâmbia R. D. do Congo
84%
O menor país fazendo fronteira com a Zâmbia Malawi
79%
Cachoeiras compartilhadas com o país acima Cataratas de {Vitória}
68%
Em 2014, Guy Scott se tornou (brevemente) a primeira pessoa ____ a liderar um país da África Subsaariana desde F. W. de Klerk em 1994 Branca
65%
Capital Lusaka
64%
Metal que constitui a maioria das exportações da Zâmbia Cobre
56%
Nome colonial da Zâmbia {Rodésia} do Norte
52%
Rio que dá nome ao país Zambeze
52%
Terceiro maior lago do mundo em volume que a Zâmbia compartilha com três outros países Lago Tanganica
40%
Explorador escocês que foi o primeiro europeu a ver aquelas cachoeiras David Livingstone
32%
Grupo de pessoas que migrou para a área por volta de 300 d. C., deslocando a população nativa coissã Bantus
25%
Moeda oficial Kwacha
25%
Terceira maior cidade Ndola
25%
Segunda maior cidade Kitwe
24%
Ditador da Zâmbia de 1964 a 1991 Kenneth {Kaunda}
23%
Cite uma das cinco línguas nativas mais faladas da Zâmbia Bemba | Nianja | Tonga | Lozi | Chewa
19%
Nenhum quiz correspondente encontrado
Distribuição das Pontuações
Porcentagem de Pessoas com Cada Pontuação
Percentil de Números Respondidos
Sua Pontuação Histórica
Você não jogou esse quiz